000 00916cab a2200265 4500
001 WB3040-22
008 090401t1994 xxu||||| |||| 00| 0 eng d
035 _a(Sirsi) u75640
041 _aeng
245 _aCity car pollution
260 _c1994
350 _a0
490 _aDaily Telegraph
_v28 October 1994, 17(2)
520 _aCity car pollution no longer affects only urban areas but has spread nationwide according to the first results from a pollution monitoring project undertaken by the NERC. The effects of lead in the environment are assessed in a separate project.
650 _aAIR POLLUTION
650 _aAIR QUALITY
650 _aENVIRONMENTAL POLLUTION
650 _aLEAD LEVELS
650 _aNATURAL ENVIRONMENT RESEARCH COUNCIL
650 _aTRAFFIC POLLUTION
650 _aVEHICLE EMISSIONS
690 _aENVIRONMENTAL AND LAND CONSULTANCY
942 _n0
948 _c04/03/1997
999 _c47581
_d47581